000
00240nam a2200097Ia 4500
001
1229353
005
20250827093059.0
008
250824s9999 xx 000 0 und d
245
0
_a
UÇUŞ 2
_c
ANGIE SAGE
260
_b
ALTIN KİTAPLAR YAYINLARI
999
_c
1229353
_d
1229353